<?xml version="1.0" encoding="UTF-8"?>
<record
    xmlns:xsi="http://www.w3.org/2001/XMLSchema-instance"
    xsi:schemaLocation="http://www.loc.gov/MARC21/slim http://www.loc.gov/standards/marcxml/schema/MARC21slim.xsd"
    xmlns="http://www.loc.gov/MARC21/slim">

  <leader>00560nam a2200169Ia 4500</leader>
  <controlfield tag="008">230718s9999    xx            000 0 und d</controlfield>
  <datafield tag="020" ind1=" " ind2=" ">
    <subfield code="a">9781523099825</subfield>
  </datafield>
  <datafield tag="041" ind1=" " ind2=" ">
    <subfield code="a">eng</subfield>
  </datafield>
  <datafield tag="082" ind1=" " ind2=" ">
    <subfield code="a">658.409'2</subfield>
    <subfield code="b">IZZ</subfield>
  </datafield>
  <datafield tag="100" ind1=" " ind2=" ">
    <subfield code="a">Izzo J.</subfield>
    <subfield code="9">201240</subfield>
  </datafield>
  <datafield tag="245" ind1=" " ind2=" ">
    <subfield code="a">The Purpose Revolution</subfield>
    <subfield code="b">How Leaders Create Engagement And Competitive Advantage In An Age Of Social Good</subfield>
  </datafield>
  <datafield tag="260" ind1=" " ind2=" ">
    <subfield code="c">2018</subfield>
    <subfield code="b">Berrett - Koehler Publishers</subfield>
  </datafield>
  <datafield tag="300" ind1=" " ind2=" ">
    <subfield code="a">253</subfield>
  </datafield>
  <datafield tag="365" ind1=" " ind2=" ">
    <subfield code="c">Rs.</subfield>
    <subfield code="b">599.00</subfield>
  </datafield>
  <datafield tag="700" ind1=" " ind2=" ">
    <subfield code="a">Izzo J. &amp; Vanderwielen J.</subfield>
    <subfield code="9">201241</subfield>
  </datafield>
  <datafield tag="906" ind1=" " ind2=" ">
    <subfield code="d">O:0623727-Nov-2018B:489412-Nov-2018</subfield>
    <subfield code="c">GENRL</subfield>
    <subfield code="b">131.78</subfield>
  </datafield>
  <datafield tag="999" ind1=" " ind2=" ">
    <subfield code="c">348899</subfield>
    <subfield code="d">348899</subfield>
  </datafield>
  <datafield tag="952" ind1=" " ind2=" ">
    <subfield code="0">0</subfield>
    <subfield code="1">0</subfield>
    <subfield code="4">0</subfield>
    <subfield code="7">0</subfield>
    <subfield code="a">CCEP</subfield>
    <subfield code="b">CCEP</subfield>
    <subfield code="d">2018-11-27</subfield>
    <subfield code="e">Technical Book Services</subfield>
    <subfield code="f">GENRL</subfield>
    <subfield code="g">467.22</subfield>
    <subfield code="i">4894</subfield>
    <subfield code="l">0</subfield>
    <subfield code="o">658.409'2</subfield>
    <subfield code="p">CCEP-BK-60106</subfield>
    <subfield code="r">2023-07-18 00:00:00</subfield>
    <subfield code="t">131.78</subfield>
    <subfield code="v">599.00</subfield>
    <subfield code="w">2018-11-12</subfield>
    <subfield code="y">BK</subfield>
    <subfield code="z">060106</subfield>
  </datafield>
</record>
